| 000 | 00559cam a2200157K 4500 | ||
|---|---|---|---|
| 082 | 0 | 4 |
_a940.4 _bPOL |
| 100 | 1 |
_aPollard, A. F. _946078 |
|
| 245 | 1 | 2 |
_aA short history of the great war _cby A.F. Pollard ... with nineteen maps. |
| 260 |
_aLondon, _bMethuen & Co. _c[1920] |
||
| 300 |
_a1 online resource (vii, [1], 411, [1] p.) _b19 maps (part fold.) |
||
| 526 |
_a0 _b0 _c0 _d940_400000000000000_POL |
||
| 650 | 0 |
_aMCE _9379 |
|
| 650 | 0 |
_aWorld War, 1914-1918. _928173 |
|
| 856 | 4 | 0 | _uhttp://catalog.hathitrust.org/api/volumes/oclc/47662298.html |
| 942 |
_2ddc _cBK |
||
| 999 |
_c552901 _d552901 |
||